000 00421nam a2200157Ia 4500
008 240729s9999 xx 000 0 und d
022 _a2631-4797
245 0 _aAesthetic Surgery Journal Open Forum
260 _aUnited Kingdom
260 _bOxford University Press
650 _a Surgery
650 _aMedicine
856 _uhttps://doaj.org/toc/e56e5d61effe4d2f9633f3b6f9340789
942 _2ddc
942 _cDOAJEJ
999 _c73850
_d73850
945 _a1
_bMadushi Gamage
_c1
_dMadushi Gamage